|
|
|
|
| LEADER |
00000nab a2200000 ar4500 |
| 001 |
vtls010518790 |
| 003 |
SK-MaSNL |
| 005 |
20260304032904.0 |
| 008 |
130611c20120214xo mr|p|||||||000 b|slo |
| 038 |
|
|
|a SNSK
|
| 040 |
|
|
|b slo
|c SNSK
|e AACR2
|
| 041 |
|
|
|a slo
|
| 044 |
|
|
|a xo
|c SK
|
| 080 |
|
|
|a 616-082
|2 2001
|
| 080 |
|
|
|a 347.788.6
|2 2001
|
| 100 |
1 |
|
|a Šoltísová, Eva
|4 aut
|9 896041
|
| 245 |
1 |
0 |
|a Pacientom lístkový systém nevyhovuje
|b lekári si ho naopak pochvaľujú
|c Eva Šoltísoví
|
| 300 |
|
|
|b Fotogr.
|
| 650 |
0 |
7 |
|a lekárske ošetrenie
|2 SNKPH
|9 1314068
|
| 650 |
0 |
7 |
|a lístkový systém
|2 SNK
|9 1314069
|
| 651 |
|
7 |
|a Spišská Nová Ves (Slovensko)
|2 SNKPHgeo
|9 28800
|
| 773 |
0 |
|
|t Spišskonovoveský Korzár
|g Roč. II., č. 7 (14.2.2012), s. 1, 2
|x 1338-841X
|
| 852 |
|
|
|a SNSK
|b KIS3GCP
|
| 999 |
|
|
|c 2645461
|d 2647391
|